• 首页
  • 本馆介绍
  • 公告通知
  • 最新文献
  • 馆藏检索
  • 电子资源
  • 读者导购
  • 参考咨询
  • 我的图书馆
  • 登录
  • 详细信息显示
  • 放入我的书架
  • 预约/预借图书
  • 作者相关作品
  • 分类相关作品
  • 丛书相关作品
  • 出版社相关作品

书目信息

  • 表格格式
  • 工作单格式
  • 卡片格式
题名:
聚焦人民大会堂
    
 
作者: 金圣基 主编
分册:  
出版信息: 北京   中共党史出版社  2006
页数: 10,466页
开本: 25cm
丛书名:
单 册:
中图分类: K270.6
科图分类:
主题词:
电子资源:
ISBN: 7-80199-239-3
000 00857nam0 2200229 450
001 012006012341
005 20061117101810.76
010    @a7-80199-239-3@dCNY48.00
100    @a20060323d2006 em y0chiy0110 ea
101 0  @achi
102    @aCN@b110000
105    @aa z 000yy
200 1  @a聚焦人民大会堂@Aju jiao ren min da hui tang@e见证共和国重大历史事件始末@f金圣基主编
210    @a北京@c中共党史出版社@d2006
215    @a10,466页@c照片@d25cm
330    @a本书共十一章,内容包括人民大会堂人民议政堂;秘密召开的四届人大;共和国第一大冤案;党代会反应平平;感情不能代替理智;祖国一定要统一等。
517 1  @a见证共和国重大历史事件始末@Ajian zheng gong he guo zhong da li shi shi jian shi mo
607    @a中国@x现代史@j史料
690    @aK270.6@v4
701  0 @a金圣基@Ajin sheng ji@4主编
801  0 @aCN@bRENTIAN@c20061117
905    @a10447@dK270.6@e36
    
    聚焦人民大会堂:见证共和国重大历史事件始末/金圣基主编.-北京:中共党史出版社,2006
    10,466页:照片;25cm
    
    
    ISBN 7-80199-239-3:CNY48.00
    本书共十一章,内容包括人民大会堂人民议政堂;秘密召开的四届人大;共和国第一大冤案;党代会反应平平;感情不能代替理智;祖国一定要统一等。
●
相关链接 在E读中查询图书 在五车中查询图书 在当当中查询图书 在豆瓣中查询图书


正题名:聚焦人民大会堂     索取号:K270.6/36         预约/预借

序号 登录号 条形码 馆藏地/架位号 状态 备注
1 0389608   203896089   第二样本阅览室/ [索取号:K270.6/36] 在馆    
2 0389609   203896098   密集书库/ [索取号:K270.6/36] 在馆    
3 0389610   203896105   密集书库/ [索取号:K270.6/36] 在馆    
4 0389611   203896114   密集书库/ [索取号:K270.6/36] 在馆    
5 0389612   203896123   第二借阅区/ [索取号:K270.6/36] 在馆    
唐山师范学院图书馆 欢迎您!
大连网信软件有限公司© 版权所有